000 00857nam a2200301Ia 4500
005 20250425160743.0
008 250425s9999 xx 000 0 und d
020 _a9688807397
041 _aspa
082 _a658.503
100 _aNARASIMHAN, SEETHARAMA L.
245 0 _aPLANEACION DE LA PRODUCCION Y CONTROL DE INVENTARIOS
250 _a2A ED.
260 _aMEXICO
260 _aMéxico
_bPRENTICE-HALL
_c1996
300 _a716
500 _aConsultar inv.29859 en BIBTEC
500 _aTítulo Traducido: PRODUCTION PLANNING AND INVENTORY CONTROL
650 _aADMINISTRACION DE MATERIALES
650 _aCONTROL DE INVENTARIOS
650 _aINVENTARIOS
650 _aPLANIFICACION DE LA PRODUCCION
650 _aPRODUCCION
700 _aBILLINGTON, PETER J.
700 _aMCLEAVEY, DENNIS W.
942 _c01
010 _a4463
999 _c195487
_d195487